Paris Movies by Picture - Statistics

General Stats
  • This quiz has been taken 638 times
  • The average score is 10 of 16
Answer Stats
Picture Answer % Correct
Ratatouille
96%
Napoleon
92%
Da Vinci Code
80%
The Hunchback of Notre Dame
80%
Amélie
77%
John Wick: Chapter 4
75%
Moulin Rouge!
68%
Inception
66%
Taken
63%
Les Misérables
48%
Hugo
46%
Midnight in Paris
44%
The Intouchables
42%
Before Sunset
34%
La Vie en Rose
28%
Breathless
14%
No matching quizzes found
Score Distribution
Percent of People with Each Score
Percentile by Number Answered
Your Score History
You have not taken this quiz